000 00329nam a22001337a 4500
005 20250901165814.0
008 250328b |||||||| |||| 00| 0 eng d
020 _a9780195738018
050 _aPL 8704 .N95 2013
245 _aSi Kitu
_cShullam Nzioka
260 _aNairobi:
_bOUP,
_c2013.
300 _a112 p.:
_c18 cm.
942 _2lcc
999 _c9457
_d9457